101 felsefe problemi (Record no. 2493)

MARC details
000 -BAŞLIK
Sabit Uzunlukta Kontrol Alanı 00709na a2200253 4500
001 - KONTROL NUMARASI
Denetim Alanı 18201
003 - KONTROL NUMARASI IDENTIFIER
Denetim Alanı MIRAKIL
005 - SON İŞLEM TARİHİ VE ZAMANI
Denetim Alanı 20181213154859.0
008 - SABİT-BOY VERİ ELEMANLARI - GENEL BİLGİLER
Sabit Uzunlukta Kontrol Alanı 161124b tu 000 0
020 ## - ULUSLARARASI STANDART KİTAP NUMARASI
Uluslararası Standart Kitap Numarası 9786053327769
035 ## - SİSTEM KONTROL NUMARASI
Sistem Kontrol Numarası 18201
040 ## - KATALOGLAMA KAYNAK
Orijinal Kataloglama Ajansı Milas
Kataloglama Dili tur
Metne Dönüştürmek Ajansı TR-AnCHP
041 ## - DİL KODU
Metin / Ses Parça Veya Ayrı Başlığın Dil Kodu tur
082 ## - DEWEY ONLU SINIFLANDIRMA NUMARASI
Sınıflandırma Numarası 102
Ürün Numarası C63y 2013
090 ## - SINIFLAMA NUMARASI
Sınıflama Numarası 102 C63y 2013
100 ## - ANA GİRİŞ - KİŞİSEL İSİM
Kişisel Ad Cohen, Martin
245 ## - BAŞLIK TABLOSU
Başlık 101 felsefe problemi
Sorumluluk Tablosu, Vb Martin Cohen. Ed.Devrim Çetinkasap. Çev.Elçin Gen
260 ## - YAYIN, DAĞITIM, VB
Yayın, Dağıtım, Vb Yeri İstanbul
Yayıncı, Dağıtıcı, Vs Adı Türkiye İş Bankası Kültür Yayınları
Yayın, Dağıtım, Vb Tarihi 2016
300 ## - FİZİKSEL TANIM
Kapsam 345 s.
Diğer Fiziksel Ayrıntıları çzm.,şkl.
Boyutlar 20 sm.
650 ## - KONU KATMA GİRİŞ - TOPİKAL DÖNEM
Topikal Süreli Veya Coğrafi Ad Giriş Elemanı Felsefe
Genel Alt Bölümü Sorunlar
700 ## - KATMA GİRİŞ - KİŞİSEL İSİM
Kişisel Ad Gen, Elçin
700 ## - KATMA GİRİŞ - KİŞİSEL İSİM
Kişisel Ad Çetinkasap, Devrim
942 ## - EKLENDİ GİRİŞ ELEMANLARI (KOHA)
Sınıflandırma Veya Raf Düzeni Kaynak Dewey Decimal Classification
Koha Öğesi Türü Books
999 ## - SİSTEM KONTROL NUMARALARI (KOHA)
Koha Biblionumber 2493
Koha Biblioitemnumber 2493
Holdings
Kalıcı Konum Mevcut Konum Edinme Tarihi Edinim Kaynak Toplam Check-Out'Lar Tam Çağrı Numarası Barkod Tarih Son Görülme İtibaren Geçerli Fiyatlar Koha Öğesi Türü
CHP Kütüphanesi CHP Kütüphanesi 11/14/2016 Bağış   102 C63y 2013 009816 11/14/2016 11/14/2016 Books